Managing the lower Rio Grande; an experience in international river development

Saved in:
Bibliographic Details
Main Author: Day, John Chadwick
Format: Book
Language:English
Published: [Chicago, University of Chicago, Dept. of Geography] 1970.
Series:Research paper (University of Chicago. Dept. of Geography) ; no. 125.
Subjects:
LEADER 01132nam a2200253 4500
001 c000351229
003 CARM
005 00000000000000.0
008 711210s1970 ilua b 00010 eng
019 1 |a 51712  |z 2024142  |z 8089928  |5 LACONCORD2021 
035 |a (OCoLC)214852  |5 LACONCORD2021 
043 |a n-mx---  |a n-us-tx 
050 |a H31  |b .C514 no. 125  |a HD1694.A3 
100 1 |a Day, John Chadwick. 
245 1 0 |a Managing the lower Rio Grande;  |b an experience in international river development  |c [by] John C. Day. 
260 |a [Chicago,  |b University of Chicago, Dept. of Geography]  |c 1970. 
300 |a xii, 274 p.  |b illus.  |c 23 cm. 
490 0 |a University of Chicago. Dept. of Geography. Research paper no. 125 
504 |a Bibliography: p. 255-274. 
650 0 |a Water resources development  |z Rio Grande Valley. 
830 |a Research paper (University of Chicago. Dept. of Geography) ;  |v no. 125. 
852 8 |b CARM  |h A1:AL38G0  |i B10281  |p 0466492  |f BK 
999 f f |i 6ad6e505-15cc-5800-9a72-6ce5862249a4  |s b7b49074-aec1-57a7-9959-7a4bf9be601e 
952 f f |p Can circulate  |a CAVAL  |b CAVAL  |c CAVAL  |d CARM 1 Store  |e B10281  |f A1:AL38G0  |h Other scheme  |i book  |m 0466492